| 000 | 00356nam a22001217a 4500 | ||
|---|---|---|---|
| 020 | _aNA | ||
| 082 |
_222 _a658.40352 |
||
| 100 | _aThesen Arne and travis laurel E. | ||
| 245 | _aSimulation for decision making / | ||
| 260 |
_aUniversity of Alberts. _bUniversity of Alberts. _cc1992. |
||
| 300 |
_aThesen Arne and Travis laurel E. _bNA _c24cm. |
||
| 942 |
_2ddc _cGEN |
||
| 999 |
_c2993 _d2993 |
||